Communications & Information system for Battlefield Command (Record no. 311779)

000 -LEADER
fixed length control field 00240 a2200097 4500
001 - CONTROL NUMBER
control field 76706
090 ## - LOCALLY ASSIGNED LC-TYPE CALL NUMBER (OCLC); LOCAL CALL NUMBER (RLIN)
-- 39225
-- 39225
100 ## - MAIN ENTRY--PERSONAL NAME
Personal name Rice, M A
245 ## - TITLE STATEMENT
Title Communications & Information system for Battlefield Command
260 ## - PUBLICATION, DISTRIBUTION, ETC.
Name of publisher, distributor, etc. Brassey's
942 ## - ADDED ENTRY ELEMENTS (KOHA)
Institution code [OBSOLETE] NUST-CAE
Call number prefix 355.33041RIC
Holdings
Withdrawn status Lost status Damaged status Not for loan Collection code Permanent Location Current Location Date acquired Total Checkouts Full call number Barcode Date last seen Price effective from Koha item type
          College of Aeronautical Engineering (CAE) College of Aeronautical Engineering (CAE) 04/03/2017   355.33041RIC CAE67645A 04/05/2017 04/05/2017 Book
© 2023 Central Library, National University of Sciences and Technology. All Rights Reserved.